| Tag |
First Indicator |
Second Indicator |
Subfields |
| LEADER |
00000nmm a2200000Ia 4500 |
| 001 |
in00004780607 |
| 008 |
231116s1995 txu f u # eng d |
| 005 |
20240301200640.6 |
| 099 |
|
|
|a CarpenterV 1995
|
| 100 |
1 |
|
|a Carpenter, Vanessa.
|
| 245 |
1 |
4 |
|a The Relationship Between Knowledge And Self-Efficacy In The Setting Of Cancer Screenings Among Mexican-American Women.
|
| 264 |
|
1 |
|a [College Station, Texas] : ‡b Texas A&M University,
|c 1995.
|
| 300 |
|
|
|a 1 online resource (57 pages).
|
| 336 |
|
|
|a text ‡b txt ‡2 rdacontent
|
| 337 |
|
|
|a computer ‡b c ‡2 rdamedia
|
| 338 |
|
|
|a online resource ‡b cr ‡2 rdacarrier
|
| 500 |
|
|
|a Undergraduate thesis written for Program year: 1994/1995
|
| 502 |
|
|
|a University Undergraduate Research Fellow, sponsored by Health and Kinesiology Department.
|
| 520 |
3 |
|
|a As our world becomes more diverse, research that focuses on more than the traditional subject, the Anglo male, is needed. Researchers must expand their focuses to include women and different cultures. That realization prompted this investigation, an attempt to determine the relationship between knowledge and self-efficacy toward cancer screening among Mexican- American women. The problem of the study was to determine if a relationship exists between knowledge and self-efficacy in the setting of cancer screenings among Mexican-American women. Specifically, the study sought to answer the following research questions concerning knowledge and self-efficacy toward cancer in general, Pap smears, colorectal examinations, and breast self examinations (BSE's): 1. What is the relationship between knowledge variables? 2. What is the relationship between self-efficacy variables? 3. What is the relationship between knowledge and self-efficacy variables?
|
| 530 |
|
|
|a Digitized from print version held at Pickle Center High Density Storage, barcode 24829739
|
| 535 |
|
|
|a HDR
|
| 653 |
|
|
|a breast self examinations
|
| 653 |
|
|
|a cancer screening
|
| 653 |
|
|
|a colorectal examinations
|
| 653 |
|
|
|a knowledge
|
| 653 |
|
|
|a Mexican-American
|
| 653 |
|
|
|a Pap smears
|
| 653 |
|
|
|a self examination
|
| 653 |
|
|
|a self-efficacy
|
| 653 |
|
|
|a women
|
| 655 |
|
7 |
|a Undergraduate thesis
|2 local
|
| 700 |
1 |
|
|a Colwell, G. Brian,
|e degree supervisor.
|
| 856 |
4 |
0 |
|z Available on OAKTrust.
|u https://oaktrust.library.tamu.edu/handle/1969.1/CAPSTONE-CarpenterV_1995
|t 0
|
| 887 |
|
|
|a A14851272758
|
| 999 |
f |
f |
|s 39f66b27-8cf3-4ca3-b2e1-9cb6009ea570
|i a0531a68-125d-4868-b735-44af7be5f1a4
|t 0
|
| 952 |
f |
f |
|a Texas A&M University
|b College Station
|c Electronic Resources
|d Available Online
|t 0
|e CarpenterV 1995
|f Capstone
|g Electronic
|h Other scheme
|
| 998 |
f |
f |
|a CarpenterV 1995
|t 0
|l Available Online
|